Statistics for Fast typing - Z to A

Click here to take the quiz!

General Stats

  • This quiz has been taken 1,287 times
  • The average score is 42 of 78

Answer Stats

TYPE% Correct
Z
100%
Y
96%
X
95%
W
93%
V
91%
U
90%
T
90%
S
89%
R
89%
Q
88%
P
87%
O
87%
N
87%
M
87%
L
85%
K
84%
J
83%
I
82%
H
82%
G
81%
F
79%
E
79%
D
79%
C
78%
B
78%
A
78%
ZZ
62%
YY
59%
XX
58%
WW
57%
VV
55%
UU
55%
TT
54%
SS
53%
RR
53%
QQ
52%
PP
51%
OO
50%
MM
49%
NN
49%
LL
48%
KK
48%
JJ
47%
II
47%
HH
46%
GG
45%
FF
45%
EE
45%
DD
44%
CC
43%
BB
43%
AA
42%
ZZZ
40%
YYY
38%
XXX
37%
WWW
36%
VVV
34%
UUU
33%
TTT
32%
SSS
31%
RRR
30%
QQQ
29%
PPP
27%
OOO
26%
NNN
25%
MMM
24%
LLL
24%
KKK
23%
JJJ
22%
III
20%
HHH
19%
GGG
18%
FFF
18%
EEE
17%
DDD
16%
CCC
15%
BBB
14%
AAA
14%

Score Distribution

Percentile by Number Answered

Percent of People with Each Score

Your Score History

You have not taken this quiz